000 00871nam a2200253Ia 4500
003 OSt
005 20220923212505.0
006 a|||||r|||| 00| 0
007 ta
008 220922b |||||||| |||| 00| 0 hin d
024 _a153,517
037 _cTextual
040 _aARTS
_cARTS
_bhin
041 _2hin
_ahin
082 _aO152vM9, L1
100 _aपाण्डेय, राजकिशोर
245 0 _aहिन्दी साहित्य का उत्तर मघ्युग
246 _aHindī sāhitya kā uttar maghyuga
260 _aलखनऊ
_b हिंदी साहित्य भंडार
_c1971
300 _a536पृ.
_ccm.
650 _aहिन्दी साहित्य
_9156264
942 _hO152vM9, L1
_cTEXL
_2CC
999 _c309158
_d309158